|
|
|
|
| LEADER |
00000cam a2200000 a 4500 |
| 001 |
65591 |
| 005 |
20230308161139.0 |
| 008 |
993073|1982 ||||||||r|||||||||||spa|| |
| 040 |
|
|
|b spa
|
| 041 |
1 |
|
|a spa
|
| 082 |
0 |
|
|a 946
|
| 100 |
1 |
|
|a Rumeu de Armas, Antonio
|9 23907
|
| 245 |
1 |
1 |
|a El Portugués Cristobal Colón en Castilla
|c Antonio Rumeu de Armas
|h imp
|
| 264 |
|
|
|a Madrid
|b Ediciones Cultura Hispánica
|c 1982
|
| 300 |
|
|
|a 87 páginas:
|c 24 cm
|
| 504 |
|
|
|a incl. ref.
|
| 650 |
1 |
|
|a Colon cristobal
|9 7964
|
| 650 |
1 |
4 |
|a Descubrimiento de América
|9 382
|
| 852 |
|
|
|a UC-CDJBV
|c TERCER PISO
|f Donación
|k npena
|l 1
|m General
|p 19930730
|q 2000
|r 2
|t 65591
|b 0
|d CDRC
|e CDRC
|g 946 TERCER PISO
|z 1993-30-73
|
| 942 |
|
|
|c BK
|
| 999 |
|
|
|c 13470
|d 13470
|